01660nas a2200241Ia 4500001001100000003001000011008004100021040002500062041001300087100002700100210002300127222002300150245009200173250001100265260008500276300001200361310001700373362002900390500042600419501011400845520042600959650003301385R050-S0586IT-CnALBA170116c99999999xx |||||||||||| ||und|| aIT-CnALBAcIT-CnALBA aITALIANO aGREGOROVIUS FERDINANDO aLA NUOVA ANTOLOGIA aLA NUOVA ANTOLOGIA 0aLA NUOVA ANTOLOGIA. GENNAIO FEBBRAIO 1891. III SERIE. VOL. XXXI. SCIENZE LETTERE ARTI.  a1a ed. a ROMAbDIREZIONE NUOVA ANTOLOGIA c1891 [1° Ed.:1891 - Ed.Ling.Originale: 1891] a832 p.  aQUINDICINALE aFascicolo: 1-4 / (1891) aLE GRANDI MONARCHIE, GLI IMPERI UNIVERSALI NELLA STORIA. QUINTO ORARIO FLACLO. PRIMA ESPOSIZIONE ITALIANA DI ARCHITETTURA, BOITO C. UN DRAMMA NELLA SCUOLA, RACCONTO, E. DE AMICIS. STORIA A PROPOSITO DI UNA RECENTE SCOPERTA SCIENTIFICA, GIACOSA P. VARIETA', CALENDE DI GENNAIO. RASSEGNA DRAMMATICA, MARTINI F. INGLESE, NENCIONI E. POLITICA. BOLLETTINO BIBLIOGRAFICO. NOTIZIE SCIENZA LETTERATURA ARTE. CRONACA FINANZIARIA.  aSocietà San Paolo EM - Piazza San Paolo, 14 - 12051 ALBA (CN) (non commercial uses only) ® Copyright 2017 aLE GRANDI MONARCHIE, GLI IMPERI UNIVERSALI NELLA STORIA. QUINTO ORARIO FLACLO. PRIMA ESPOSIZIONE ITALIANA DI ARCHITETTURA, BOITO C. UN DRAMMA NELLA SCUOLA, RACCONTO, E. DE AMICIS. STORIA A PROPOSITO DI UNA RECENTE SCOPERTA SCIENTIFICA, GIACOSA P. VARIETA', CALENDE DI GENNAIO. RASSEGNA DRAMMATICA, MARTINI F. INGLESE, NENCIONI E. POLITICA. BOLLETTINO BIBLIOGRAFICO. NOTIZIE SCIENZA LETTERATURA ARTE. CRONACA FINANZIARIA.  aLETTERATURA - SCIENZA - ARTE